Statistics for Biggest City in each U.S. State by Letter T

Click here to take the quiz!

General Stats

  • This quiz has been taken 584 times
  • The average score is 9 of 16

Answer Stats

StatePopulationCity% Correct
Florida392,890Tampa
96%
Arizona520,116Tucson
94%
Oklahoma391,906Tulsa
91%
Ohio276,478Toledo
88%
Kansas127,473Topeka
85%
New Jersey84,913Trenton
85%
Washington198,397Tacoma
80%
Alabama90,468Tuscaloosa
64%
California145,538Torrance
39%
Michigan80,980Troy
39%
New York50,129Troy
39%
Colorado118,772Thornton
35%
Texas96,500Tyler
33%
Indiana60,785Terre Haute
28%
Massachusetts55,874Taunton
13%
Utah60,377Taylorsville
11%

Score Distribution

Percentile by Number Answered

Percent of People with Each Score

Your Score History

You have not taken this quiz